Teoria general de Keynes (Record no. 129178)

MARC details
000 -LEADER
campo de control de longitud fija 00639nam a2200193 i 4500
001 - NÚMERO DE CONTROL
campo de control 129178
003 - IDENTIFICADOR DE NÚMERO DE CONTROL
campo de control ES-MaACL
005 - FECHA Y HORA DE LA ÚLTIMA TRANSACCIÓN
campo de control 20230906193443.0
007 - CAMPO FIJO DE DESCRIPCIÓN FÍSICA--INFORMACIÓN GENERAL
campo de control de longitud fija t|
008 - DATOS DE LONGITUD FIJA--INFORMACIÓN GENERAL
campo de control de longitud fija 070607s1967 mx ||||1| spa d
245 00 - MENCIÓN DEL TÍTULO
Título Teoria general de Keynes
Resto del título : informes de tres décadas /
Mención de responsabilidad, etc. compilado por Robert Lekachman ; [traducción de Roberto Reyes Mazzoni].
250 ## - MENCION DE EDICION
Mención de edición [1ª ed].
260 ## - PUBLICACIÓN, DISTRIBUCIÓN, ETC.
Lugar de publicación, distribución, etc. México :
Nombre del editor, distribuidor, etc. Fondo de Cultura Económica,
Fecha de publicación, distribución, etc. [1967]
300 ## - DESCRIPCIÓN FÍSICA
Extensión 358 p. ;
Dimensiones 21 cm.
650 04 - PUNTO DE ACCESO ADICIONAL DE MATERIA--TÉRMINO DE MATERIA
Término de materia o nombre geográfico como elemento de entrada Keynesianismo.
9 (RLIN) 14037
700 1# - ENTRADA AGREGADA--NOMBRE PERSONAL
Nombre de persona Leckachman, Robert.
9 (RLIN) 71078
700 1# - ENTRADA AGREGADA--NOMBRE PERSONAL
Nombre de persona Reyes Mazzoni, Roberto.
9 (RLIN) 96591
852 ## - LOCALIZACIÓN
Ubicación ES-MaACL
Número de control de estantería E-6820
Sublocalización o colección R.91395
Holdings
Estatus retirado Estado de pérdida Estado de daño No para préstamo Biblioteca de origen Biblioteca actual Ubicación en estantería Fecha de adquisición Fuente de adquisición Total de préstamos Signatura topográfica completa Código de barras Visto por última vez Precio de reemplazo Tipo de ítem Koha
        Biblioteca del Ateneo de Madrid Biblioteca del Ateneo de Madrid Depósito 2 17/01/2008     E-6820 1134521 23/02/2023 23/02/2023 Libro impreso